00311nam a2200121Ia 4500008004100000041000800041082001100049100003300060245004600093250000800139260003400147300000800181230511s1987 xx 000 0 und d aeng a364.18 aRobert Harris and David Webb aCriminology and Criminal Administration  a1st aLondonbTavi Stock Pub.c1987 a209